<?xml version="1.0" encoding="UTF-8"?>
<record
    xmlns:xsi="http://www.w3.org/2001/XMLSchema-instance"
    xsi:schemaLocation="http://www.loc.gov/MARC21/slim http://www.loc.gov/standards/marcxml/schema/MARC21slim.xsd"
    xmlns="http://www.loc.gov/MARC21/slim">

  <leader>01905nam a2200253Ia 4500</leader>
  <controlfield tag="005">20260213142548.0</controlfield>
  <controlfield tag="008">210716s2018    xx            000 0 und d</controlfield>
  <datafield tag="020" ind1=" " ind2=" ">
    <subfield code="a">9788126570843</subfield>
  </datafield>
  <datafield tag="040" ind1=" " ind2=" ">
    <subfield code="c">AIMIT LIBRARY</subfield>
  </datafield>
  <datafield tag="041" ind1=" " ind2=" ">
    <subfield code="a">eng</subfield>
  </datafield>
  <datafield tag="082" ind1=" " ind2=" ">
    <subfield code="a">658.3124 </subfield>
    <subfield code="b">TAYM</subfield>
  </datafield>
  <datafield tag="100" ind1=" " ind2=" ">
    <subfield code="a">Taylor, Marie.</subfield>
    <subfield code="9">252832</subfield>
  </datafield>
  <datafield tag="245" ind1=" " ind2=" ">
    <subfield code="a">Business coaching and mentoring for dummies /</subfield>
    <subfield code="c">By Marie Taylor and Steve Crabb.</subfield>
  </datafield>
  <datafield tag="250" ind1=" " ind2=" ">
    <subfield code="a">2nd Ed.</subfield>
  </datafield>
  <datafield tag="260" ind1=" " ind2=" ">
    <subfield code="a">New Delhi :</subfield>
    <subfield code="b">Wiley India Pvt Ltd ,</subfield>
    <subfield code="c">2018.</subfield>
  </datafield>
  <datafield tag="300" ind1=" " ind2=" ">
    <subfield code="a">xv,403p. ;</subfield>
    <subfield code="b">PB</subfield>
    <subfield code="c">23.5 cm</subfield>
  </datafield>
  <datafield tag="500" ind1=" " ind2=" ">
    <subfield code="a">Business Coaching &amp; Mentoring For Dummies provides business owners and managers with the insight they need to successfully develop the next generation of leaders. Packed with business-led strategies, key concepts, and effective techniques, this book equips you with the skills to transform both yourself and your team. Whether you're coaching colleagues, employees, or offering your skills as a service, these techniques will help you build a productive relationship that leads to business success. The companion website also features eight bonus videos that will further your mastery by showing you what great coaching looks like in action. Navigate tricky situations and emotional minefields with ease; develop vision, values, and a mission; create a long-term plan&#x2014;everything you need is here, with expert guidance every step of the way.</subfield>
  </datafield>
  <datafield tag="505" ind1=" " ind2=" ">
    <subfield code="r">About the Author
Marie Taylor had over 25 years&#x2019; experience in HR and Organizational Development. Her consultancy business focuses on success and transformational coaching and Organizational Development. Working with senior professionals

</subfield>
  </datafield>
  <datafield tag="650" ind1=" " ind2=" ">
    <subfield code="a">Developing the business leader's mind-set</subfield>
    <subfield code="9">252833</subfield>
  </datafield>
  <datafield tag="650" ind1=" " ind2=" ">
    <subfield code="a">Coaching and mentoring to get a business on the right track</subfield>
    <subfield code="9">254637</subfield>
  </datafield>
  <datafield tag="650" ind1=" " ind2=" ">
    <subfield code="a">The part of tens</subfield>
    <subfield code="9">254638</subfield>
  </datafield>
  <datafield tag="700" ind1=" " ind2=" ">
    <subfield code="a">Crabb, Steve.</subfield>
    <subfield code="9">252834</subfield>
  </datafield>
  <datafield tag="942" ind1=" " ind2=" ">
    <subfield code="2">ddc</subfield>
    <subfield code="c">BK</subfield>
    <subfield code="e">2nd ed.</subfield>
    <subfield code="k">658.3124 TAYM</subfield>
  </datafield>
  <datafield tag="999" ind1=" " ind2=" ">
    <subfield code="c">197212</subfield>
    <subfield code="d">197212</subfield>
  </datafield>
  <datafield tag="952" ind1=" " ind2=" ">
    <subfield code="0">0</subfield>
    <subfield code="1">0</subfield>
    <subfield code="2">ddc</subfield>
    <subfield code="4">0</subfield>
    <subfield code="7">0</subfield>
    <subfield code="8">MCA</subfield>
    <subfield code="a">AIMIT</subfield>
    <subfield code="b">AIMIT</subfield>
    <subfield code="c">TD</subfield>
    <subfield code="d">2020-03-17</subfield>
    <subfield code="e">Knowledge World</subfield>
    <subfield code="g">599.00</subfield>
    <subfield code="i">Bill no:929; Bill dt:2020-03-16</subfield>
    <subfield code="l">0</subfield>
    <subfield code="o">658.3124 TAYM</subfield>
    <subfield code="p">MCA16727</subfield>
    <subfield code="r">2025-07-21 00:00:00</subfield>
    <subfield code="v">449.25</subfield>
    <subfield code="w">2021-07-16</subfield>
    <subfield code="y">BK</subfield>
  </datafield>
  <datafield tag="952" ind1=" " ind2=" ">
    <subfield code="0">0</subfield>
    <subfield code="1">0</subfield>
    <subfield code="2">ddc</subfield>
    <subfield code="4">0</subfield>
    <subfield code="7">0</subfield>
    <subfield code="8">MBA</subfield>
    <subfield code="a">AIMIT</subfield>
    <subfield code="b">AIMIT</subfield>
    <subfield code="c">TD</subfield>
    <subfield code="d">2019-02-27</subfield>
    <subfield code="e">Knowledge World</subfield>
    <subfield code="g">599.00</subfield>
    <subfield code="i">Bill no:613; Bill dt:2019-02-25</subfield>
    <subfield code="l">0</subfield>
    <subfield code="o">658.3124 TAYM</subfield>
    <subfield code="p">MBA13405</subfield>
    <subfield code="r">2026-05-23 00:00:00</subfield>
    <subfield code="v">449.25</subfield>
    <subfield code="w">2021-07-16</subfield>
    <subfield code="y">BK</subfield>
  </datafield>
  <datafield tag="952" ind1=" " ind2=" ">
    <subfield code="0">0</subfield>
    <subfield code="1">0</subfield>
    <subfield code="2">ddc</subfield>
    <subfield code="4">0</subfield>
    <subfield code="7">0</subfield>
    <subfield code="8">MBA</subfield>
    <subfield code="a">AIMIT</subfield>
    <subfield code="b">AIMIT</subfield>
    <subfield code="c">TD</subfield>
    <subfield code="d">2026-02-12</subfield>
    <subfield code="e">SK Publishers &amp; Distributors</subfield>
    <subfield code="g">639.00</subfield>
    <subfield code="i">Bill no:4043; Bill dt:2020-02-02</subfield>
    <subfield code="l">0</subfield>
    <subfield code="o">658.3124 TAYM</subfield>
    <subfield code="p">MBA15231</subfield>
    <subfield code="r">2026-05-23 00:00:00</subfield>
    <subfield code="v">479.25</subfield>
    <subfield code="w">2026-02-12</subfield>
    <subfield code="y">BK</subfield>
  </datafield>
</record>
